Informe referente a las minas de Vizcaya / (Record no. 138866)

MARC details
000 -LEADER
campo de control de longitud fija 01558nam a2200349 i 4500
001 - NÚMERO DE CONTROL
campo de control 138866
003 - IDENTIFICADOR DE NÚMERO DE CONTROL
campo de control ES-MaACL
005 - FECHA Y HORA DE LA ÚLTIMA TRANSACCIÓN
campo de control 20260122125511.0
007 - CAMPO FIJO DE DESCRIPCIÓN FÍSICA--INFORMACIÓN GENERAL
campo de control de longitud fija t|
008 - DATOS DE LONGITUD FIJA--INFORMACIÓN GENERAL
campo de control de longitud fija 070214s1904 sp |||| | spa d
080 ## - NÚMERO DE LA CLASIFICACIÓN DECIMAL UNIVERSAL
Número de la Clasificación Decimal Universal 622.341(460.162)
080 ## - NÚMERO DE LA CLASIFICACIÓN DECIMAL UNIVERSAL
Número de la Clasificación Decimal Universal 349.22(460.162):331.109
100 1# - ENTRADA PRINCIPAL--NOMBRE DE PERSONA
Nombre de persona Sanz y Escartín, Eduardo,
Fechas asociadas al nombre 1855-1939
9 (RLIN) 103695
245 10 - MENCIÓN DEL TÍTULO
Título Informe referente a las minas de Vizcaya /
Mención de responsabilidad, etc. redactado por los señores D. Eduardo Sanz y Escartín y D. Rafael Salillas... y D. Julio Puyol y Alonso.
260 ## - PUBLICACIÓN, DISTRIBUCIÓN, ETC.
Lugar de publicación, distribución, etc. Madrid :
Nombre del editor, distribuidor, etc. [s.n.],
Fecha de publicación, distribución, etc. 1904 (
Fabricante Imp. de la Sucesora de M. Minuesa de los Ríos)
300 ## - DESCRIPCIÓN FÍSICA
Extensión 331 p. ;
Dimensiones 24 cm.
505 8# - NOTA DE CONTENIDO CON FORMATO
Nota de contenido con formato Contiene: Los hechos / Julio Puyol y Alonso . Apreciaciones / Rafael Salillas y Eduardo Sanz y Escartín . Apéndices
530 ## - NOTA DISPONIBLE DE FORMULARIO FÍSICO ADICIONAL
Nota de formato físico adicional disponible Disponible en formato digital.
594 ## - Nota al título y mención de responsabilidad
Nota al título y mención de responsabilidad Precede al tít.: Ministerio de la Gobernación. Instituto de Reformas Sociales.
650 #4 - PUNTO DE ACCESO ADICIONAL DE MATERIA--TÉRMINO DE MATERIA
Término de materia o nombre geográfico como elemento de entrada Minería-
Subdivisión geográfica Vizcaya.
9 (RLIN) 173157
650 ## - PUNTO DE ACCESO ADICIONAL DE MATERIA--TÉRMINO DE MATERIA
Término de materia o nombre geográfico como elemento de entrada Mineros-
Subdivisión geográfica Vizcaya.
9 (RLIN) 173156
650 #4 - PUNTO DE ACCESO ADICIONAL DE MATERIA--TÉRMINO DE MATERIA
Término de materia o nombre geográfico como elemento de entrada Conflictos laborales-
Subdivisión geográfica Vizcaya.
9 (RLIN) 165293
700 1# - ENTRADA AGREGADA--NOMBRE PERSONAL
Nombre de persona Salillas, Rafael.
9 (RLIN) 101925
700 1# - ENTRADA AGREGADA--NOMBRE PERSONAL
Nombre de persona Puyol y Alonso, Julio,
Fechas asociadas al nombre 1865-1937
9 (RLIN) 94454
710 2# - ENTRADA AGREGADA--NOMBRE DE ENTIDAD CORPORATIVA
Nombre de entidad corporativa o nombre de jurisdicción como elemento de entrada Instituto de Reformas Sociales (España)
9 (RLIN) 5000
852 4# - LOCALIZACIÓN
Ubicación ES-MaACL
Número de control de estantería F-1445
Ubicación en estantería Depósito 2
852 4# - LOCALIZACIÓN
Ubicación ES-MaACL
Número de control de estantería C-3212
Ubicación en estantería Sala Palomar
856 4# - LOCALIZACIÓN Y ACCESO ELECTRÓNICOS
Identificador Uniforme de Recursos <a href="http://bdh-rd.bne.es/viewer.vm?id=0000252546&page=1 ">http://bdh-rd.bne.es/viewer.vm?id=0000252546&page=1 </a>
Texto de enlace (Biblioteca Digital Hispánica)
856 4# - LOCALIZACIÓN Y ACCESO ELECTRÓNICOS
Identificador Uniforme de Recursos <a href="https://www.euskariana.euskadi.eus/euskadibib/es/bib/2092988.do">https://www.euskariana.euskadi.eus/euskadibib/es/bib/2092988.do</a>
Texto de enlace (Biblioteca Digital Vasca)
942 ## - ELEMENTOS DE ENTRADA SECUNDARIOS (KOHA)
Fuente del sistema de clasificación o colocación Clasificación decimal universal
Holdings
Estatus retirado Estado de pérdida Estado de daño No para préstamo Colección Biblioteca de origen Biblioteca actual Ubicación en estantería Fecha de adquisición Fuente de adquisición Total de préstamos Signatura topográfica completa Código de barras Visto por última vez Precio de reemplazo Tipo de ítem Koha
        Colección digital Biblioteca del Ateneo de Madrid Biblioteca del Ateneo de Madrid Sala Palomar 17/01/2008     C-3212 1144506 23/02/2023 23/02/2023 Libro impreso
        Colección digital Biblioteca del Ateneo de Madrid Biblioteca del Ateneo de Madrid Depósito 2 17/01/2008     F-1445 1144505 23/02/2023 23/02/2023 Libro impreso